Review of African political economy

Detalles Bibliográficos
Formato: Electrónico Revista
Lenguaje:inglés
Publicado: London : Oryx Press, 1974-
Materias:
Acceso en línea:Full text available from Research Library: 09/01/1997 to 09/30/2000

MARC

LEADER 00000nas a2200000 a 4500
001 ssj0012455
003 WaSeSS
005 20200512172242.0
006 m d
007 cr n
008 020726c19749999enkqr pss o 0 0eng c
010 |a  2004263330 
016 7 |a 2068261-X  |2 DE-600 
022 |a 1740-1720  |l 0305-6244  |y 0305-6244 
030 |a RAPEF9 
035 |a (WaSeSS)ssj0012455 
037 |b Taylor & Francis, 1 Gunpowder Square, London, EC4a 3DE, UK 
040 |a BUF  |b eng  |e pn  |c BUF  |d OCLCQ  |d OCL  |d OCLCQ  |d TXA  |d DLC  |d UV$  |d OCLCQ  |d EYM  |d OCLCQ  |d CUD  |d OCLCQ  |d OCLCF  |d OCLCO  |d OCLCQ  |d DEBBG  |d GILDS  |d OCLCO  |d DLC  |d VT2  |d UKBTH  |d OCLCO  |d SFB  |d WaSeSS 
042 |a pcc 
043 |a f------ 
050 0 0 |a HC501.A1 
082 0 4 |a 330.9/6/03 
130 0 |a Review of African political economy (Online) 
245 1 0 |a Review of African political economy  |h [electronic resource]. 
246 1 |i Issues for 11993 also have title:  |a ROAPE 
260 |a London :  |b Oryx Press,  |c 1974- 
310 |a Quarterly,  |b Nov. 1993- 
321 |a Three times a year,  |b 1974-July 1993 
362 1 |a Began with: Vol. 1, issue 1 (1974). 
500 |a Imprint varies. 
506 |a License restrictions may limit access. 
588 |a Description based on: Vol. 1, issue 1 (1974); title from journal cover image on homepage (JSTOR, viewed Oct. 31, 2007). 
588 |a Latest issue consulted: Vol. 45, issue 157 (2018) (Taylor & Francis Online, viewed Nov. 9, 2018). 
650 4 |a Periodicals  |x Electronic full-text. 
650 7 |a Economic history.  |2 fast  |0 (OCoLC)fst00901974 
650 7 |a Social conditions.  |2 fast  |0 (OCoLC)fst01919811 
651 0 |a Africa  |x Economic conditions  |v Periodicals. 
651 0 |a Africa  |x Social conditions  |v Periodicals. 
651 7 |a Africa.  |2 fast  |0 (OCoLC)fst01239509 
655 0 |a Electronic journals. 
776 0 8 |i Print version:  |t Review of African political economy  |x 0305-6244  |w (DLC) 75647118  |w (OCoLC)2243506 
850 |a DLC 
856 4 0 |z Full text available from Research Library: 09/01/1997 to 09/30/2000  |u https://search.proquest.com/publication/32911